000 00338nam a2200145Ia 4500
008 191201s2007 xx 000 0 und d
082 _a005.72
_bBPH
100 _aBPB Publication
245 0 _aHTML Complete
250 _a2nd
260 _aN.Delhi
_bBPB Publication
_c2007
300 _a1010
650 _aB.Tech(IT)
942 _2ddc
_cBK
_01
999 _c3132
_d3132